Proyecciones hacia la democracia
Đã lưu trong:
| Những tác giả chính: | , , |
|---|---|
| Tác giả khác: | , |
| Định dạng: | Sách |
| Ngôn ngữ: | Tiếng Tây Ban Nha |
| Được phát hành: |
Viña del Mar
Pontificia Universidad Católica de Valparaíso. Instituto de Historia
2003
|
| Những chủ đề: | |
| Các nhãn: |
Thêm thẻ
Không có thẻ, Là người đầu tiên thẻ bản ghi này!
|
MARC
| LEADER | 00000nam a2200000 a 4500 | ||
|---|---|---|---|
| 001 | UCG1191 | ||
| 003 | CL-VaPUC | ||
| 005 | 20250505164444.0 | ||
| 008 | 100422e20030910cl 1 spa d | ||
| 082 | 0 | 4 | |a 983.065 |b TOR |2 21 |
| 100 | 1 | |a Torrejón, Carolina |e author |9 621609 | |
| 700 | |a Fermandois Huerta, Joaquín |e autor |9 621610 | ||
| 700 | |a Salazar Vergara, Gabriel Segundo |e autor |9 621733 | ||
| 700 | 1 | |a Guzmán, Alejandro |e author |9 621612 | |
| 700 | 1 | |a Goicovic, Iván |e author |9 621613 | |
| 245 | 1 | 0 | |a Proyecciones hacia la democracia |
| 246 | 1 | 0 | |a Segundo Ciclo de Conversaciones de Historia. A treinta años del 11 de septiembre de 1973 |
| 260 | |a Viña del Mar |b Pontificia Universidad Católica de Valparaíso. Instituto de Historia |c 2003 | ||
| 300 | |a v | ||
| 583 | |a last modification |c 20170607 09:36:51 |k Rodrigo Vera | ||
| 650 | 0 | 0 | |a Historia de Chile |9 265473 |
| 650 | 0 | 0 | |a Golpe militar |9 379681 |
| 650 | 0 | 0 | |a Golpe de estado |9 264543 |
| 650 | 0 | 0 | |a 11 de Septiembre de 1973 |9 538178 |
| 942 | |c BK | ||
| 945 | |a dcastane |d 20100422 00:00:00 | ||
| 546 | |a En Español | ||
| 536 | |a Pontificia Universidad Católica de Valparaíso. Instituto de Historia | ||
| 518 | |p Ciclo de Conversaciones de Historia. A treinta años del 11 de septiembre de 1973, 2, Viña del Mar, 10 de septiembre 2003 | ||
| 999 | |c 384545 |d 384543 | ||
| 952 | |0 0 |1 0 |4 0 |6 983_065000000000000_TOR_2003 |7 0 |8 R |9 507334 |a BIBHIS |b BIBHIS |d 2020-01-23 |h v.1 vhs |i 4620216 |o 983.065 TOR 2003 |p 4620216 |r 2020-01-23 |w 2020-01-23 |y BK_R |k HIS | ||
| 952 | |0 0 |1 0 |4 0 |6 983_065000000000000_TOR_2003 |7 0 |8 R |9 507335 |a BIBHIS |b BIBHIS |d 2020-01-23 |h v.2 vhs |i 4620232 |o 983.065 TOR 2003 |p 4620232 |r 2020-01-23 |w 2020-01-23 |y BK_R |k HIS | ||